000
00269nam a22001217a 4500
008
170331b xxu||||| |||| 00| 0 eng d
041
_a
eng
080
_a
617
100
_a
8
101
_a
SHM
245
_a
PITFALLS VARIATION ORTHOPEDIC
_c
POMERANZ.S.J
942
_2
udc
_c
BK
999
_c
9294
_d
9294